Statistics for Lyrics Adele - Someone Like You

Click here to take the quiz!

General Stats

  • This quiz has been taken 2,192 times
    (2,177 since last reset)
  • The average score is 41 of 46

Answer Stats

Answer % Correct
Never mind, i'll find {someone} like you
98%
That you {found} a girl
97%
I heard that your {dreams} came true
97%
Sometimes it lasts in love but sometimes it {hurts} instead''
97%
I {wish} nothing but the best for you too
96%
And you're {married} now
96%
Don't {forget} me, i beg
95%
Never mind, i'll {find} someone like you
95%
But i couldn't {stay} away
95%
''Sometimes it {lasts} in love but sometimes it hurts instead
95%
I {remember} you said
95%
Old {friend}, why are you so shy?
94%
You know how the {time} flies
94%
I had hope you'd see my {face}
94%
And that you'd be reminded that for {me} it isn't over
93%
Sometimes it lasts in love but {sometimes} hurts instead
93%
I wish {nothing} but the best for you too
93%
Don't forget me, i {beg}
93%
It isn't {over}
92%
I hate to turn up out of the blue {uninvited}
92%
I remember you {said}
92%
I heard that you're {settled} down
92%
We were {born} and raised
91%
I {hate} to turn up out the blue uninvited
91%
But i couldn't stay {away}, i couldn't fight it.
91%
Guess she gave you {things} i didn't give to you
91%
I remember {you} said
90%
I wish nothing but the {best} for you too
89%
{Don't} forget me, i beg
89%
{Never} mind, i'll find someone like you
89%
''Sometimes it lasts in {love} but sometimes it hurts instead''
89%
''Sometimes it lasts in love {but} sometimes it hurts instead''
89%
I couldn't {fight} it
89%
And that you'd be {reminded} that for me
88%
Ain't like you to {hold} back
87%
Only {yesterday} was the time of our lives
86%
I {hoped} you'd see my face
85%
In a {summer} haze
82%
There are {memories} made
78%
Or hide from the {light}
78%
Regrets and {mistakes}
77%
No {worries} or cares
75%
Who would have known how {bittersweet}
71%
Nothing {compares}
69%
This would {taste}
63%
Bound by the {surprise} of our glory days
61%

Score Distribution

Percentile by Number Answered

Percent of People with Each Score

Your Score History

You have not taken this quiz since the last reset